<?xml version="1.0" encoding="UTF-8"?>
<collection xmlns="http://www.loc.gov/MARC21/slim">
 <record>
  <leader>01121ntm a22002415a 4500</leader>
  <controlfield tag="001">EEA.libagro009342</controlfield>
  <controlfield tag="005">20160706101510.0</controlfield>
  <controlfield tag="008">100427s2010####ag#######bm###000#0#spa#d</controlfield>
  <datafield tag="100" ind1="1" ind2=" ">
   <subfield code="a">Sobrero, María Teresa.</subfield>
   <subfield code="4">dis</subfield>
  </datafield>
  <datafield tag="245" ind1="1" ind2="0">
   <subfield code="a">Crecimiento, reproducción y tolerancia al sombreado de Wedelia glauca :</subfield>
   <subfield code="b">en el área de riego del río Dulce, Santiago del Estero /</subfield>
   <subfield code="c">María Teresa Sobrero.</subfield>
  </datafield>
  <datafield tag="260" ind1=" " ind2=" ">
   <subfield code="c">2010.</subfield>
  </datafield>
  <datafield tag="300" ind1=" " ind2=" ">
   <subfield code="a">152 h. :</subfield>
   <subfield code="b">il. (principalmente col.) ;</subfield>
   <subfield code="c">30 cm.</subfield>
  </datafield>
  <datafield tag="500" ind1=" " ind2=" ">
   <subfield code="a">&quot;Tesis de Doctor en Agronomía&quot;.</subfield>
  </datafield>
  <datafield tag="500" ind1=" " ind2=" ">
   <subfield code="a">Director de tesis: Osvaldo Alberto Fernández ; Mario Ricardo Sabbatini.</subfield>
  </datafield>
  <datafield tag="502" ind1=" " ind2=" ">
   <subfield code="a">Tesis (doctoral)--Universidad Nacional del Sur. Departamento de Agronomía, 2010.</subfield>
  </datafield>
  <datafield tag="504" ind1=" " ind2=" ">
   <subfield code="a">Incluye referencias bibliográficas.</subfield>
  </datafield>
  <datafield tag="530" ind1=" " ind2=" ">
   <subfield code="a">Disponible también en formato digital.</subfield>
  </datafield>
  <datafield tag="650" ind1=" " ind2="7">
   <subfield code="a">Pastizales.</subfield>
   <subfield code="2">unbist</subfield>
  </datafield>
  <datafield tag="650" ind1=" " ind2="7">
   <subfield code="a">Agronomía.</subfield>
   <subfield code="2">unbist</subfield>
  </datafield>
  <datafield tag="700" ind1="1" ind2=" ">
   <subfield code="a">Fernández, Osvaldo A.</subfield>
   <subfield code="q">(Osvaldo Alberto)</subfield>
   <subfield code="4">ths</subfield>
  </datafield>
  <datafield tag="700" ind1="1" ind2=" ">
   <subfield code="a">Sabbatini, Mario Ricardo.</subfield>
   <subfield code="4">ths</subfield>
  </datafield>
  <datafield tag="710" ind1="2" ind2=" ">
   <subfield code="a">Universidad Nacional del Sur.</subfield>
   <subfield code="b">Departamento de Agronomía.</subfield>
   <subfield code="4">dgg.</subfield>
  </datafield>
  <datafield tag="859" ind1=" " ind2=" ">
   <subfield code="a">AR-BbBCA</subfield>
   <subfield code="b">BIB. AGRONOMIA</subfield>
   <subfield code="h">040</subfield>
   <subfield code="i">B148 2010-992</subfield>
   <subfield code="p">121434/010</subfield>
  </datafield>
 </record>
</collection>
